LDR 01097naa#a2200169#i#450# 001 RU\FGKOU VO SPBU MVD ROSSII\bibl\120252 005 20260429052752.3 011 ## _a2713-0622 100 ## _a20260428b2026####ek#y0rusy0150####ca 102 ## _aRU 200 1# _a«Девиантность и деструктивность в контексте молодежной политики: проблемы, новые вызовы и подходы к решению»: обзор совместного заседания научных советов Российской академии образования _eЖурнальная статья 210 1# _aСанкт-Петербург _cСАНКТ-ПЕТЕРБУРГСКИЙ УНИВЕРСИТЕТ МИНИСТЕРСТВА ВНУТРЕННИХ ДЕЛ РОССИЙСКОЙ ФЕДЕРАЦИИ _d2026 215 ## _a9 с. 608 ## _aЖурнальная статья _2local 675 ## _aДевиантное поведение. Социальная патология. 316.624 _z 700 #1 _aЗлоказов _gКирилл Витальевич 856 4# _avestnikspbmvd.ru _u